Plantas que curan : (Registro nro. 37111)
[ vista simple ]
| 000 -CABECERA | |
|---|---|
| campo de control de longitud fija | 00466nam a2200157 a 4500 |
| 001 - NÚMERO DE CONTROL | |
| campo de control | 000037621 |
| 005 - FECHA Y HORA DE LA ÚLTIMA TRANSACCIÓN | |
| campo de control | 20200930080456.0 |
| 008 - DATOS DE LONGITUD FIJA--INFORMACIÓN GENERAL | |
| campo de control de longitud fija | 110926s2007 uy ac 000 0 spa d |
| 020 ## - NÚMERO INTERNACIONAL ESTÁNDAR DEL LIBRO | |
| Número Internacional Estándar del Libro | 9789974795785 |
| 040 ## - FUENTE DE LA CATALOGACIÓN | |
| Centro catalogador/agencia de origen | DO-SdBNP |
| Lengua de catalogación | spa |
| Centro/agencia transcriptor | BNPHU |
| 082 ## - NÚMERO DE LA CLASIFICACIÓN DECIMAL DEWEY | |
| Número de clasificación | xxxx |
| Número de documento/Ítem | P713 |
| 245 00 - MENCIÓN DE TÍTULO | |
| Título | Plantas que curan : |
| Resto del título | remedios milenarios. |
| 246 04 - FORMA VARIANTE DE TÍTULO | |
| Título propio/Titulo breve | Sanan desde siempre : |
| Resto del título | las plantas curativas |
| 260 ## - PUBLICACIÓN, DISTRIBUCIÓN, ETC. | |
| Lugar de publicación, distribución, etc. | Colombia : |
| Nombre del editor, distribuidor, etc. | Arquetipo Grupo editorial, |
| Fecha de publicación, distribución, etc. | 2007. |
| 300 ## - DESCRIPCIÓN FÍSICA | |
| Extensión | 354 p ; |
| Dimensiones | 28 cm. |
No hay ítems disponibles.
